MARC

LEADER 00000nam0a2200000 4500
001 99230
005 20231101214233.0
035 |a (RuTPU)RU\TPU\book\106456 
090 |a 99230 
100 |a 20060629d1965 km y0rusy50 ca 
101 0 |a rus 
102 |a RU 
105 |a a z 001zy 
200 1 |a Химический анализ в ультрафиолетовых лучах  |f К. П. Столяров 
210 |a Москва  |c Химия  |d 1965  |a Ленинград 
215 |a 176 с.  |c ил. 
320 |a Библиогр.: с. 160-164. 
606 1 |a Спектрометрия ультрафиолетовая  |2 stltpush  |3 (RuTPU)RU\TPU\subj\73704  |9 86549 
610 1 |a химия 
610 1 |a аналитическая химия 
610 1 |a спектральный анализ 
610 1 |a ультрафиолетовые излучения 
610 1 |a качественный анализ 
610 1 |a фотометрический анализ 
675 |a 543.422.3-76  |v 3 
700 1 |a Столяров  |b К. П.  |g Константин Павлович 
801 1 |a RU  |b 63413507  |c 20060629  |g PSBO 
801 2 |a RU  |b 63413507  |c 20210126  |g PSBO 
942 |c BK